000 00223nam a2200097Ia 4500
005 20251222114402.0
008 251222s1900||||xx |||||||||||||| ||spa||
082 _aDVD0010/E11/1992
245 0 _aLos imperdonables:
942 _cDVD
999 _c1700
_d1700